000 00699nam a2200217Ia 4500
003 GCL
008 140319s9999 xx 000 0 ara d
040 _aGCL /
_cGCL
082 0 4 _a953.1
_bس ت
100 1 _aسيد محمد ابراهيم
245 1 0 _aتاريخ المملكة العربية السعودية /
_cسيد محمد ابراهيم
300 _a320 ص
490 _a
650 0 4 _aالنزاع العربى الاسرائيلى
650 0 4 _aالتنمية الاجتماعية
650 0 4 _aالجغرافيا الطبيعية
650 0 4 _aالسعودية
650 0 4 _aمحمد بن عبدالوهاب
650 0 4 _aفيصل بن عبدالعزيز
942 _2ddc
_cBK
999 _c37748
_d37748